00361 a2200145 4500003000400000005001700004008004100021020001800062040000900080082001800089100001400107245004200121260004300163300000900206OSt20231121132642.0231121b |||||||| |||| 00| 0 eng d a9789389211191 coclc a574.19bRAF/T aRafi, M D aText Book of Biochemistry /cRafi M D aTelangana:bUniversities press.c2022. a804p